书目信息 |
| 题名: |
自学考试外国文学作品选
|
|
| 作者: | 朱雯 主编 | |
| 分册: | 上册 | |
| 出版信息: | 上海 上海文艺出版社 1985 |
|
| 页数: | 514页 | |
| 开本: | 19cm | |
| 丛书名: | ||
| 单 册: | ||
| 中图分类: | I11 | |
| 科图分类: | ||
| 主题词: | 文学--作品集--世界 | |
| 电子资源: | ||
| ISBN: | ||
| 000 | 00790nam0 2200265 45 | |
| 001 | 0185004236 | |
| 005 | 20040418141229.0 | |
| 010 | @dCNY3.80 | |
| 091 | @a10078.3610 | |
| 100 | @a19901105d1985 em y0chiy0121 ea | |
| 101 | 1 | @achi@cmul |
| 102 | @aCN@b310000 | |
| 105 | @ay z 000zy | |
| 106 | @ar | |
| 200 | 10 | @a自学考试外国文学作品选@h上册@Azi xue kao shi wai guo wen xue zuo pin xuan@f朱雯主编 |
| 210 | @a上海@c上海文艺出版社@d1985 | |
| 215 | @a514页@d19cm | |
| 300 | @a高等教育自学考试用书 | |
| 304 | @祧?911~),现代作家, 文学翻译家 | |
| 606 | 0 | @a文学@x作品集@x世界 |
| 690 | @aI11 | |
| 701 | 0 | @a朱雯@Azhu wen@4主编 |
| 801 | 0 | @aCN@b深圳图书馆@c20040418 |
| 801 | 2 | @aCN@bNLC@c20040418 |
| 905 | @f3@b139494-496@dI11@e117:1@b253508@f2@b253504-505@f2@b253510-511@f1 | |
| 自学考试外国文学作品选.上册/朱雯主编.-上海:上海文艺出版社,1985 |
| 514页;19cm |
| 高等教育自学考试用书 |
| ISBN :CNY3.80 |
| ● |
| 相关链接 |
|
|
|
|
正题名:自学考试外国文学作品选
索取号:I11/117:1
 
预约/预借
| 序号 | 登录号 | 条形码 | 馆藏地/架位号 | 状态 | 备注 |
| 1 | 0139494 | 000088522 | 第二借阅区/ [索取号:I11/117:1] | 在馆 | |
| 2 | 0139495 | 000088531 | 第二借阅区/ [索取号:I11/117:1] | 在馆 | |
| 3 | 0139496 | 000088443 | 第二借阅区/ [索取号:I11/117:1] | 在馆 | |
| 4 | 0139497 | 202070640 | 第一样本阅览室/ [索取号:I11/117:1] | 在馆 | |
| 5 | 0253504 | 000088470 | 第二借阅区/ [索取号:I11/117:1] | 在馆 | |
| 6 | 0253505 | 000088489 | 第二借阅区/ [索取号:I11/117:1] | 在馆 | |
| 7 | 0253508 | 000088504 | 第二借阅区/ [索取号:I11/117:1] | 在馆 | |
| 8 | 0253510 | 000088498 | 第二借阅区/ [索取号:I11/117:1] | 在馆 | |
| 9 | 0253511 | 000088577 | 第二借阅区/ [索取号:I11/117:1] | 在馆 |